000 00613nam a2200181 i 4500
001 81619
003 ES-MaACL
005 20230906174457.0
007 t|
008 041105s1948 sp ||||1| spa d
100 1 _aHuidobro de la Iglesia, Emilio.
_964673
245 1 0 _aProblemas filosóficos fundamentales e historia de los sistemas
_b: líneas directrices /
_cEmilio Huidobro de la Iglesia.
250 _a3ª ed. mejorada y aum.
260 _aBurgos :
_bHijos de Santiago Rodríguez,
_c1948.
300 _a292 p. ;
_c22 cm.
650 4 _aFilosofía-
_vHistoria.
_9158248
852 _aES-MaACL
_jE-387
_bR.36434
999 _c81619
_d81619